000 00553nam a2200205 a 4500
001 23313
003 CO-ViMGA
008 141112s2004 ck r 000 u spa d
020 _a9682307635
040 _aCO-ViMGA
_bspa
_cCO-ViMGA
082 0 4 _a937.07 G755f
100 1 _aPIERRE, GRIMAL
_933602
245 1 0 _aLa formacion del imperio romano
260 _aMéxico :
_bSiglo Veintiuno
300 _a353 p.
490 _aHistoria Universal Siglo XXI; v. 7
650 1 4 _aHISTORIA - ANTIGUA
_914171
650 1 4 _aROMA - HISTORIA
_914180
942 _2ddc
_cBK
999 _c31535
_d31535